000 01198nam0a22002891 4500
001 rc\4618177
005 20260407025129.0
021 _aRU
_bРг3402-58
035 _a(NLR Aleph) 008398139
090 _a9219253
_c9219253
100 _a20130416d1958 |||y0rusy50 ca
101 0 _arus
102 _aRU
105 _ay z |||||
200 1 _aСборник материалов по передовым методам обеспечения безопасности движения поездов на Львовской железной дороге
_fСССР. МПС. Львовск. ж. д. Техн. отд. Дороги и Дор. науч.-техн. о-во Львовск. ж. д.
210 _aЛьвов
_cБ. и.
_d1958
215 _a48 с.
_d20
300 _aВ конце текста сост.: Кацнельсон, Золотов, инж. Смирнов
702 1 _aЗолотов
_4220
702 1 _aСмирнов
_4220
702 1 _aКацнельсон
_4220
712 0 2 _aЛьвовская железная дорога
_3RU\NLR\AUTH\8810010872
_9519421
801 0 _aRU
_bNLR
_gpsbo
801 1 _aRU
_bELAR
_2rusmarc
852 _aNLR
_j58-4/8036
942 _cBOOK
980 _aNB